00309nam a2200121Ia 4500008004100000041000800041082001200049100002100061245003300082260003200115300003300147365000700180240624s9999 xx 000 0 und d aeng a200 RAM aRAMSUKHDAS SWAMI aSRIMAD BHAGAVADGITA VOLUME I c2012aGorakhpurbGita Press axxxv, : 1035 : p. : cm. ; 20 cRS